Przydomki miast - Statystyki

Ogólne statystyki
  • Ten quiz został rozwiązany 40 razy
  • Średni wynik to 8 z 15
Statystyki odpowiedzi
Przydomek Miasto (odpowiedź) % Poprawnych
Duma Katalonii Barcelona
97%
Miasto zakochanych Paryż
97%
Wieczne miasto Rzym
91%
Miasto Aniołów Los Angeles
89%
Wielkie jabłko Nowy Jork
83%
Perła Dunaju Budapeszt
77%
Żona morza Wenecja
66%
Wietrzne miasto Chicago
51%
Miasto Grzechu Las Vegas
49%
Stolica mody Mediolan
43%
Miasto tysiąca mostów Berlin
31%
Miasto stu wież Praga
29%
Biały kamień Moskwa
17%
Szmaragdowe miasto Seattle
14%
Deszczowe miasto (ang. raincity) Vancouver
6%
Nie znaleziono quizów pasujących do podanych kryteriów
Rozkład punktacji
Procent ludzi z każdym wynikiem
Percentyl według liczby udzielonych odpowiedzi
Twoja historia wyników
Nie rozwiązałeś tego quizu